<?xml version="1.0" encoding="UTF-8"?>
<record
    xmlns:xsi="http://www.w3.org/2001/XMLSchema-instance"
    xsi:schemaLocation="http://www.loc.gov/MARC21/slim http://www.loc.gov/standards/marcxml/schema/MARC21slim.xsd"
    xmlns="http://www.loc.gov/MARC21/slim">

  <leader>00673nam a2200181 a 4500</leader>
  <controlfield tag="001">5889</controlfield>
  <controlfield tag="003">CDMR</controlfield>
  <controlfield tag="005">20131113123654.0</controlfield>
  <controlfield tag="008">130220s1996||||||||||||||||||||||||||||d</controlfield>
  <datafield tag="040" ind1=" " ind2=" ">
    <subfield code="a">CDMR</subfield>
    <subfield code="b">cat</subfield>
    <subfield code="c">CDMR</subfield>
  </datafield>
  <datafield tag="245" ind1="0" ind2="0">
    <subfield code="a">Com XXI</subfield>
    <subfield code="b">: an&#xE1;lisis y prospectiva del sector de la comunicaci&#xF3;n en Espa&#xF1;a : necesidades de formaci&#xF3;n</subfield>
  </datafield>
  <datafield tag="260" ind1=" " ind2=" ">
    <subfield code="a">Madrid</subfield>
    <subfield code="b">[Corporaci&#xF3;n multimedia]</subfield>
    <subfield code="c">1996</subfield>
  </datafield>
  <datafield tag="300" ind1=" " ind2=" ">
    <subfield code="a">2 v.</subfield>
    <subfield code="c">27 cm</subfield>
  </datafield>
  <datafield tag="500" ind1=" " ind2=" ">
    <subfield code="a">Estudi realitzat en el marc de l'Acord Nacional de Formaci&#xF3; Cont&#xED;nua dins del seu programa d'objectiu 4 del Fons Social Europeu</subfield>
  </datafield>
  <datafield tag="650" ind1="0" ind2="4">
    <subfield code="9">637</subfield>
    <subfield code="a">Comunicaci&#xF3;</subfield>
    <subfield code="x">Ensenyament</subfield>
  </datafield>
  <datafield tag="650" ind1="0" ind2="4">
    <subfield code="9">4341</subfield>
    <subfield code="a">Mercat de treball</subfield>
    <subfield code="z">Espanya</subfield>
  </datafield>
  <datafield tag="942" ind1=" " ind2=" ">
    <subfield code="c">MON</subfield>
    <subfield code="2">udc</subfield>
  </datafield>
  <datafield tag="999" ind1=" " ind2=" ">
    <subfield code="c">5889</subfield>
    <subfield code="d">5889</subfield>
  </datafield>
  <datafield tag="952" ind1=" " ind2=" ">
    <subfield code="0">0</subfield>
    <subfield code="1">0</subfield>
    <subfield code="4">0</subfield>
    <subfield code="7">1</subfield>
    <subfield code="a">CDMR</subfield>
    <subfield code="b">CDMR</subfield>
    <subfield code="d">2013-02-20</subfield>
    <subfield code="l">0</subfield>
    <subfield code="o">Ci 9</subfield>
    <subfield code="p">CDMR13097483</subfield>
    <subfield code="r">2013-02-20</subfield>
    <subfield code="t">Vol. 1</subfield>
    <subfield code="w">2013-02-20</subfield>
    <subfield code="y">MON</subfield>
  </datafield>
  <datafield tag="952" ind1=" " ind2=" ">
    <subfield code="0">0</subfield>
    <subfield code="1">0</subfield>
    <subfield code="4">0</subfield>
    <subfield code="7">1</subfield>
    <subfield code="a">CDMR</subfield>
    <subfield code="b">CDMR</subfield>
    <subfield code="d">2013-02-20</subfield>
    <subfield code="l">0</subfield>
    <subfield code="o">Ci 9</subfield>
    <subfield code="p">CDMR13097484</subfield>
    <subfield code="r">2013-02-20</subfield>
    <subfield code="t">Vol. 2</subfield>
    <subfield code="w">2013-02-20</subfield>
    <subfield code="y">MON</subfield>
  </datafield>
</record>
